All MLB World Series matchups (1903 - 2025) - Statistics

General Stats
  • This quiz has been taken 8,677 times
    958 since last reset
  • The average score is 102 of 242
Answer Stats
Year Team % Correct
2025 Los Angeles Dodgers
100%
2024 Los Angeles Dodgers
98%
2025 Toronto Blue Jays
98%
2024 New York Yankees
95%
2023 Texas Rangers
90%
2023 Arizona Diamondbacks
88%
2022 Houston Astros
88%
2020 Los Angeles Dodgers
88%
2021 Atlanta Braves
87%
2016 Chicago Cubs
86%
2021 Houston Astros
86%
2020 Tampa Bay Rays
85%
2019 Washington Nationals
85%
2018 Boston Red Sox
84%
2019 Houston Astros
84%
2017 Houston Astros
84%
2018 Los Angeles Dodgers
84%
2022 Philadelphia Phillies
84%
2016 Cleveland Indians
83%
2014 San Francisco Giants
83%
2015 Kansas City Royals
82%
2017 Los Angeles Dodgers
82%
2015 New York Mets
79%
2012 San Francisco Giants
79%
2013 Boston Red Sox
77%
2009 New York Yankees
77%
2010 San Francisco Giants
76%
2013 St. Louis Cardinals
75%
2011 St. Louis Cardinals
75%
2014 Kansas City Royals
74%
2000 New York Yankees
72%
2008 Philadelphia Phillies
72%
2009 Philadelphia Phillies
71%
2011 Texas Rangers
71%
2001 New York Yankees
70%
2007 Boston Red Sox
69%
1999 New York Yankees
69%
2001 Arizona Diamondbacks
68%
2012 Detroit Tigers
68%
2004 Boston Red Sox
67%
2003 New York Yankees
67%
1998 New York Yankees
67%
2005 Chicago White Sox
66%
2003 Florida Marlins
65%
2010 Texas Rangers
65%
2007 Colorado Rockies
64%
2000 New York Mets
64%
2006 St. Louis Cardinals
64%
2008 Tampa Bay Rays
64%
2002 Anaheim Angels
63%
1996 New York Yankees
62%
2004 St. Louis Cardinals
60%
1995 Atlanta Braves
59%
2002 San Francisco Giants
58%
1999 Atlanta Braves
57%
1996 Atlanta Braves
57%
2006 Detroit Tigers
57%
1993 Toronto Blue Jays
57%
1997 Florida Marlins
56%
2005 Houston Astros
56%
1992 Toronto Blue Jays
56%
1998 San Diego Padres
52%
1989 Oakland Athletics
51%
1988 Los Angeles Dodgers
50%
1991 Minnesota Twins
50%
1986 New York Mets
50%
1991 Atlanta Braves
49%
1990 Cincinnati Reds
49%
1997 Cleveland Indians
49%
1990 Oakland Athletics
49%
1992 Atlanta Braves
48%
1988 Oakland Athletics
48%
1995 Cleveland Indians
47%
1993 Philadelphia Phillies
47%
1986 Boston Red Sox
45%
1977 New York Yankees
45%
1978 New York Yankees
44%
1989 San Francisco Giants
44%
1985 Kansas City Royals
43%
1987 Minnesota Twins
43%
1976 New York Yankees
43%
1975 Cincinnati Reds
42%
1961 New York Yankees
42%
1960 New York Yankees
42%
1953 New York Yankees
42%
1976 Cincinnati Reds
41%
1984 Detroit Tigers
41%
1962 New York Yankees
41%
1958 New York Yankees
41%
1957 New York Yankees
41%
1956 New York Yankees
41%
1955 New York Yankees
41%
1952 New York Yankees
41%
1951 New York Yankees
41%
1950 New York Yankees
41%
1949 New York Yankees
41%
1987 St. Louis Cardinals
41%
1983 Baltimore Orioles
40%
1963 New York Yankees
40%
1985 St. Louis Cardinals
40%
1981 Los Angeles Dodgers
39%
1981 New York Yankees
39%
1964 New York Yankees
39%
1947 New York Yankees
39%
1974 Oakland Athletics
39%
1973 Oakland Athletics
39%
1972 Oakland Athletics
39%
1982 St. Louis Cardinals
39%
1969 New York Mets
38%
1980 Philadelphia Phillies
38%
1979 Pittsburgh Pirates
38%
1943 New York Yankees
37%
1942 New York Yankees
37%
1941 New York Yankees
37%
1939 New York Yankees
37%
1938 New York Yankees
37%
1937 New York Yankees
37%
1932 New York Yankees
37%
1927 New York Yankees
37%
1977 Los Angeles Dodgers
36%
1936 New York Yankees
36%
1970 Baltimore Orioles
35%
1978 Los Angeles Dodgers
35%
1926 New York Yankees
35%
1923 New York Yankees
35%
1971 Pittsburgh Pirates
35%
1967 St. Louis Cardinals
35%
1903 Boston Americans
34%
1975 Boston Red Sox
34%
1972 Cincinnati Reds
34%
1965 Los Angeles Dodgers
34%
1963 Los Angeles Dodgers
34%
1928 New York Yankees
34%
1922 New York Yankees
34%
1921 New York Yankees
34%
1968 St. Louis Cardinals
34%
1969 Baltimore Orioles
33%
1955 Brooklyn Dodgers
33%
1953 Brooklyn Dodgers
33%
1970 Cincinnati Reds
33%
1964 St. Louis Cardinals
33%
1979 Baltimore Orioles
32%
1971 Baltimore Orioles
32%
1956 Brooklyn Dodgers
32%
1952 Brooklyn Dodgers
32%
1968 Detroit Tigers
32%
1980 Kansas City Royals
32%
1959 Los Angeles Dodgers
32%
1982 Milwaukee Brewers
32%
1983 Philadelphia Phillies
32%
1960 Pittsburgh Pirates
32%
1984 San Diego Padres
32%
1918 Boston Red Sox
31%
1949 Brooklyn Dodgers
31%
1908 Chicago Cubs
31%
1948 Cleveland Indians
31%
1974 Los Angeles Dodgers
31%
1966 Los Angeles Dodgers
31%
1946 St. Louis Cardinals
31%
1947 Brooklyn Dodgers
30%
1954 New York Giants
30%
1944 St. Louis Cardinals
30%
1973 New York Mets
29%
1962 San Francisco Giants
29%
1966 Baltimore Orioles
28%
1967 Boston Red Sox
28%
1919 Chicago White Sox
28%
1919 Cincinnati Reds
28%
1951 New York Giants
28%
1942 St. Louis Cardinals
28%
1916 Boston Red Sox
27%
1945 Chicago Cubs
27%
1907 Chicago Cubs
27%
1957 Milwaukee Braves
27%
1903 Pittsburgh Pirates
27%
1946 Boston Red Sox
26%
1912 Boston Red Sox
26%
1961 Cincinnati Reds
26%
1954 Cleveland Indians
26%
1945 Detroit Tigers
26%
1943 St. Louis Cardinals
26%
1915 Boston Red Sox
25%
1941 Brooklyn Dodgers
25%
1906 Chicago Cubs
25%
1958 Milwaukee Braves
25%
1934 St. Louis Cardinals
25%
1931 St. Louis Cardinals
25%
1959 Chicago White Sox
24%
1940 Cincinnati Reds
24%
1965 Minnesota Twins
24%
1922 New York Giants
24%
1921 New York Giants
24%
1905 New York Giants
24%
1930 Philadelphia Athletics
24%
1929 Philadelphia Athletics
24%
1926 St. Louis Cardinals
24%
1935 Detroit Tigers
23%
1930 St. Louis Cardinals
23%
1948 Boston Braves
22%
1932 Chicago Cubs
22%
1917 Chicago White Sox
22%
1906 Chicago White Sox
22%
1937 New York Giants
22%
1936 New York Giants
22%
1933 New York Giants
22%
1924 New York Giants
22%
1923 New York Giants
22%
1931 Philadelphia Athletics
22%
1913 Philadelphia Athletics
22%
1911 Philadelphia Athletics
22%
1910 Philadelphia Athletics
22%
1950 Philadelphia Phillies
22%
1928 St. Louis Cardinals
22%
1939 Cincinnati Reds
21%
1934 Detroit Tigers
21%
1914 Philadelphia Athletics
21%
1909 Pittsburgh Pirates
21%
1938 Chicago Cubs
20%
1935 Chicago Cubs
20%
1918 Chicago Cubs
20%
1910 Chicago Cubs
20%
1920 Cleveland Indians
20%
1940 Detroit Tigers
20%
1908 Detroit Tigers
20%
1907 Detroit Tigers
20%
1917 New York Giants
20%
1905 Philadelphia Athletics
20%
1924 Washington Senators
20%
1920 Brooklyn Robins
19%
1909 Detroit Tigers
19%
1913 New York Giants
19%
1912 New York Giants
19%
1911 New York Giants
19%
1925 Pittsburgh Pirates
19%
1929 Chicago Cubs
18%
1925 Washington Senators
18%
1914 Boston Braves
17%
1916 Brooklyn Robins
17%
1915 Philadelphia Phillies
17%
1927 Pittsburgh Pirates
17%
1933 Washington Senators
16%
1944 St. Louis Browns
15%
No matching quizzes found
Score Distribution
Percent of People with Each Score
Percentile by Number Answered
Your Score History
You have not taken this quiz since the last reset